Introduction to english law
| Main Author: | |
|---|---|
| Format: | Book |
| Published: |
London :
Butterworths ,
1985
|
| Edition: | Eleventh edition |
| Subjects: |
MARC
| LEADER | 00000cam a2200000 7i4500 | ||
|---|---|---|---|
| 001 | 0000001204 | ||
| 005 | 20220630.0 | ||
| 020 | |a 0406605017 | ||
| 040 | |a INS | ||
| 090 | 0 | 0 | |a RKD661 |b .J34 1985 |
| 100 | 1 | |a James, Philip S. | |
| 245 | 1 | 0 | |a Introduction to english law |c Philip S. James |
| 250 | |a Eleventh edition | ||
| 260 | |a London : |b Butterworths , |c 1985 | ||
| 300 | |a xxxv, 569p. ; |c 22cm. | ||
| 650 | 0 | |a Law |z England | |
| 999 | |a 0000002417 |b BOOK |c Red Spot |e Default branch | ||